| 000 | 00545nam a22001937a 4500 | ||
|---|---|---|---|
| 999 |
_c1828 _d1828 |
||
| 003 | AR-CdUCM | ||
| 008 | 190228b ||||| |||| 00| 0 spa d | ||
| 040 |
_aMUNICIPALIDAD PROVINCIAL DEL CUSCO _cBIBLIOTECA MUNICIPAL DEL CUSCO |
||
| 082 |
_a868.5 / _bM84 |
||
| 100 |
_aMonje Roca, Jose _96700 |
||
| 245 | _aDel Fusil a la Rosa / | ||
| 260 |
_aBolivia : _c1993. |
||
| 300 |
_a190 páginas _bilustraciones _c21cm |
||
| 505 | _aNovela | ||
| 650 |
_aLiteratura _9416 |
||
| 650 |
_aPoesía _9139 |
||
| 942 |
_2ddc _cLIBROS |
||
| 945 |
_anom _d2019-02-28 |
||